Online
Catalog

Sócrates / (Record no. 21155)

MARC details
000 -CABECERA
campo de control de longitud fija 00897nam a2200277 a 4500
001 - NÚMERO DE CONTROL
campo de control 000021656
005 - FECHA Y HORA DE LA ÚLTIMA TRANSACCIÓN
campo de control 20200930011412.0
008 - DATOS DE LONGITUD FIJA--INFORMACIÓN GENERAL
campo de control de longitud fija 100909s1982 mx r 000 0 spa d
020 ## - NÚMERO INTERNACIONAL ESTÁNDAR DEL LIBRO
Número Internacional Estándar del Libro 9681311582
040 ## - FUENTE DE LA CATALOGACIÓN
Centro catalogador/agencia de origen DO-SdBNP
Lengua de catalogación spa
Centro/agencia transcriptor BNPHU
082 ## - NÚMERO DE LA CLASIFICACIÓN DECIMAL DEWEY
Número de clasificación 921.9183
Número de documento/Ítem S678s
049 ## - FONDOS LOCALES (OCLC)
Fondos de biblioteca BNGR
100 1# - ENTRADA PRINCIPAL--NOMBRE DE PERSONA
Nombre de persona Silverberg, Robert
9 (RLIN) 45056
240 10 - TÍTULO UNIFORME
Título uniforme Sócrates
Lenguaje de la obra Español
245 10 - MENCIÓN DE TÍTULO
Título Sócrates /
Mención de responsabilidad, etc. Robert Silverberg ; traductor René Cárdenas Barrios.
260 ## - PUBLICACIÓN, DISTRIBUCIÓN, ETC.
Lugar de publicación, distribución, etc. México :
Nombre del editor, distribuidor, etc. Diana,
Fecha de publicación, distribución, etc. 1982.
300 ## - DESCRIPCIÓN FÍSICA
Extensión 156 p. ;
Dimensiones 19 cm.
500 ## - NOTA GENERAL
Nota general Incluye notas al pie de las páginas
504 ## - NOTA DE BIBLIOGRAFÍA, ETC.
Nota de bibliografía, etc. Bibliografía: p. 155-156
534 ## - NOTA SOBRE LA VERSIÓN ORIGINAL
Encabezamiento principal del original Título original:
Mención de título del original Sócrates
600 10 - PUNTO DE ACCESO ADICIONAL DE MATERIA--NOMBRE DE PERSONA
Nombre de persona SÓCRATES
Fechas asociadas al nombre 470 a.C.-399a.C
Subdivisión general BIBLIOGRAFÍA
9 (RLIN) 45057
650 #4 - PUNTO DE ACCESO ADICIONAL DE MATERIA--TÉRMINO DE MATERIA
Término de materia o nombre geográfico como elemento de entrada Filosofía griega
9 (RLIN) 15215
650 #4 - PUNTO DE ACCESO ADICIONAL DE MATERIA--TÉRMINO DE MATERIA
Término de materia o nombre geográfico como elemento de entrada Filosofía antigua
9 (RLIN) 1215
650 #4 - PUNTO DE ACCESO ADICIONAL DE MATERIA--TÉRMINO DE MATERIA
Término de materia o nombre geográfico como elemento de entrada Sofistas (filosofía)
9 (RLIN) 15185
700 1# - PUNTO DE ACCESO ADICIONAL--NOMBRE DE PERSONA
Nombre de persona Cárdenas Barrios, René
Término indicativo de función/relación tr.
9 (RLIN) 12537

No items available.

Powered by Koha